Quiz Cultura Generale - Quiz n°97 - Statistics

Statistiche generali
  • Questo quiz è stato fatto 127 volte
  • Il punteggio medio è 8 su 15
Statistiche sulle risposte
Domanda Risposta % Corretto
Qual è il colore predominante della bandiera marocchina? Rosso
92%
Quale squadra italiana gioca le partite casalinghe allo stadio "San Nicola"? Bari
83%
Qual era la nazionalità di papa Giovanni Paolo II? Polacca
82%
Quale scuderia ha vinto il mondiale costruttori di Formula 1 2023? Red Bull Racing
76%
Quale allenatore ha vinto più volte la Coppa Italia? Massimiliano Allegri
75%
Quanti ventricoli sono presenti nel nostro cervello? 4
69%
Qual era il nome dell'uragano che devastò New Orleans nel 2005? Katrina
69%
Chi è stato l'ultimo Zar di Russia? Nicola II di Russia
62%
Quale stato degli Stati Uniti ha come capitale Denver? Colorado
51%
Dov'è nato Charlie Chaplin? Londra
43%
Chi ha composto l'opera lirica "Le nozze di Figaro"? Wolfgang Amadeus Mozart
39%
Quale località si trova all'estremità settentrionale del Lago di Garda? Riva del Garda
32%
Chi è stato l'italiano insignito del Premio Nobel per la Letteratura nel 1959? Salvatore Quasimodo
28%
Per quale tecnica di separazione viene utilizzato l'alambicco? Distillazione
23%
Oltre a Fluoro, Bromo, Cloro e Astato, quale altro elemento fa parte del gruppo degli Alogeni? Iodio
18%
Nessun quiz corrispondente trovato
Distribuzione punteggi
Percentuale di utenti per punteggio
Percentile per numero di risposta
I tuoi punteggi nel tempo
Non hai fatto questo quiz